Yu-Gi-Oh! Archetypes by Picture - G - Statistics

General Stats
  • This quiz has been taken 94 times
  • The average score is 14 of 23
Answer Stats
Picture Answer % Correct
Gaia
87%
Gadget
84%
Gem-Knight
82%
Goblin
82%
Ghostrick
75%
Gouki
74%
Galaxy
72%
Gusto
69%
Gagaga
68%
Gimmick Puppet
68%
Geargia
60%
Gogogo
57%
Ghoti
54%
Gravekeepers
54%
Gladiator Beast
53%
Gandora
51%
Golden Land
50%
Gishki
47%
Guardian
47%
Generaider
44%
Genex
43%
Graydle
41%
Gorgonic
32%
No matching quizzes found
Score Distribution
Percent of People with Each Score
Percentile by Number Answered
Your Score History
You have not taken this quiz